Povinnosť zostaviť konsolidovanú účtovnú závierku podľa nadnárodných úprav a podľa národnej právnej úpravy diplomová práca

Guardado en:
Detalles Bibliográficos
Autor principal: Paprčiaková, Gabriela
Autor Corporativo: Fakulta hospodárskej informatiky EU. Katedra účtovníctva a audítorstva
Otros Autores: Užík, Ján, 1969-
Formato: Libro
Lenguaje:eslovaco
Publicado: Bratislava 2018
Etiquetas: Agregar Etiqueta
Sin Etiquetas, Sea el primero en etiquetar este registro!

MARC

LEADER 00000nbm a2200000 4500
001 0243618
005 20181108092219.5
041 0 |a slo 
044 |a SK 
245 1 0 |a Povinnosť zostaviť konsolidovanú účtovnú závierku podľa nadnárodných úprav a podľa národnej právnej úpravy  |b diplomová práca  |c Gabriela Paprčiaková ; školiteľ: Ján Užík 
264 1 |a Bratislava  |c 2018 
300 |a 64 s. 
100 1 |a Paprčiaková, Gabriela 
700 1 |a Užík, Ján, 1969- 
710 2 |a Fakulta hospodárskej informatiky EU. Katedra účtovníctva a audítorstva